| 000 | 00897cam a2200265 i 4500 | ||
|---|---|---|---|
| 999 |
_c9941 _d9941 |
||
| 001 | 9941 | ||
| 003 | Mx-PuUPA | ||
| 005 | 20200302082942.0 | ||
| 008 | 140415s1992 mx gr 001 0 spa d | ||
| 020 | _a9686037748 | ||
| 040 |
_aMx-PuUPA _bspa _cMx-PuUPA _dMx-PuUPA _erda |
||
| 041 | 0 | _aspa | |
| 100 | 1 |
_aRedondo Hinojosa, Jaime, _910591 _eautor |
|
| 245 | 1 | 0 |
_aCompendio de términos usuales en la administración financiera / _cJaime Redondo Hinojosa |
| 250 |
_aPrimera edición / _bmarzo |
||
| 264 | 4 |
_aMéxico, D.F. : _bInstituto Mexicano de Contadores Públicos, _c1992 |
|
| 300 |
_a122 páginas ; _c23 cm |
||
| 336 |
_atexto _2rdacontent _btxt |
||
| 337 |
_asin medio _2rdamedia _bn |
||
| 338 |
_avolumen _2rdacarrier _bnc |
||
| 650 | 4 |
_aAdministración financiera _xTerminología |
|
| 942 |
_2ddc _cLI _h658.1503 _iR3121 |
||